000 00620nam a2200133 a 4500
001 000037964
005 20201002031138.0
008 130311s20uu dr 000 0 spa d
040 _aDO-SdBNP
_bspa
_cBNPHU
245 1 0 _aSeguridad y ciudadanía en la República Dominicana :
_bpor una política de prevención integral y coordinada experiencias y reflexiones para su implementación.
246 1 3 _aPor una política de prevención integral y coordinada experiencias y reflexiones para su implementación
260 _aSanto Domingo :
_bConsejo Nacional de Reforma del Estado (CONARE),
_c[200?].
300 _a234 p. ;
_c25 cm.
999 _c37454
_d37454